000 00677nam a2200229Ii 4500
003 JO-AjNU
008 230605s9999||||xx |||||||||||||| ||und||
017 _a19529
020 _a977-379-025-9
040 _aJO-AjNU
_bara
_erda
_cJO-AjNU
041 _aara
050 1 4 _ak1150.t33.2009
100 3 _a طة ، مصطفى كمال ,
_eauthor
_931992
245 0 0 _aالقانون البحرى
250 _a(د،ط)
264 3 1 _aالاسكندرية : دار الفكر الجامعي ، 2009
300 _a559ص
336 _atext
_btxt
_2rdacontent
337 _aunmediated
_bn
_2rdamedia
338 _avolume
_bnc
_2rdacarrier
650 4 _aقانون بحري
_931993
999 _aA12862
_c16430
_d16430